000 00608nam 22001933 4500
001 201788
090 _a201788
100 _a20260416d u||y0pory50 ba
200 _aRoncando al sol como una foca en las Galápagos
_fJ. G. Cobo Borda
210 _aBogota
_cGaceta-Colcultura
_d1982
215 _a28 p.
_cbrochado
_d24 cm
300 _aContém dedicatória na folha de rosto
606 _9979
_aLiteratura Colombiana
610 _aPoesia
675 _a821.134.2(862)-1
_vES
_zesp
700 _917131
_aCobo Borda
_bJuan Gustavo
_f1948-2022
801 _aPT
_bBMMN
_gRPC
830 _cAna Falardo
_fAna Falardo
990 _cLIVROS